000
00226nam a22000857a 4500
008
160715b xxu||||| |||| 00| 0 eng d
100
_9
2923
_a
Gupta R.G
245
_a
Composite Mathematics
260
_a
New Delhi
_b
Arya Publication
_c
2009
999
_c
2488
_d
2488